Contenido económico del populismo /

שמור ב:
מידע ביבליוגרפי
מחבר ראשי: Lenin, Vladimir Ilich
מחברים אחרים: Claudín, Fernando present. y notas
פורמט: Texto
יצא לאור: Madrid: Siglo XXI
תגים: הוספת תג
אין תגיות, היה/י הראשונ/ה לתייג את הרשומה!

MARC

LEADER 00000 a a2200000 04500
001 22584
003
040
020 |a 84-323-0148-5  
090 |a 154700  
100 |a Lenin, Vladimir Ilich  
245 |a Contenido económico del populismo /  |c Vladimir Ilich Lenin 
260 |a Madrid:   |b Siglo XXI  
300 |a 247 p; vol. I  
700 |a Claudín, Fernando   |a present. y notas  
999 |c 14030  |d 14030